Sobre el terror y la violencia política /
Uloženo v:
| Hlavní autor: | |
|---|---|
| Médium: | Text |
| Témata: | |
| Tagy: |
Přidat tag
Žádné tagy, Buďte první, kdo vytvoří štítek k tomuto záznamu!
|
MARC
| LEADER | 00000 a a2200000 04500 | ||
|---|---|---|---|
| 001 | 4175 | ||
| 003 | |||
| 040 | |||
| 090 | |a REV0229 (107) 1998 | ||
| 100 | |a Torres Rivas, Edelberto | ||
| 245 | |a Sobre el terror y la violencia política / |c Edelberto Torres Rivas | ||
| 650 | |a VIOLENCIA | ||
| 650 | |a POLITICA | ||
| 650 | |a TERRORISMO | ||
| 650 | |a AUTORITARISMO | ||
| 650 | |a DEMOCRACIA | ||
| 650 | |a ESTADO | ||
| 650 | |a SOCIEDAD CIVIL | ||
| 650 | |a POLITICA | ||
| 773 | |g número 107; páginas 9-24 | ||
| 999 | |c 24684 |d 24684 | ||
